Interpretacion de las Vanguardias (Record no. 196)

MARC details
000 -LEADER
campo de control de longitud fija 00368 a2200121 4500
020 ## - NÚMERO INTERNACIONAL ESTÁNDAR DEL LIBRO
Número Internacional Estándar del Libro 84959381111
082 ## - NÚMERO DE LA CLASIFICACIÓN DECIMAL DEWEY
Número de clasificación 708
Número de ítem C115i
110 ## - ENTRADA PRINCIPAL--NOMBRE DE ENTIDAD CORPORATIVA
Nombre de entidad corporativa o nombre de jurisdicción como elemento de entrada Cabildo de Lanzarote
9 (RLIN) 925
245 ## - MENCIÓN DEL TÍTULO
Título Interpretacion de las Vanguardias
Resto del título (tecnicas Molas Kunas)
260 ## - PUBLICACIÓN, DISTRIBUCIÓN, ETC.
Lugar de publicación, distribución, etc. Panama
Nombre del editor, distribuidor, etc. Taller de Portobelo
Fecha de publicación, distribución, etc. 2002
300 ## - DESCRIPCIÓN FÍSICA
Extensión 55 p
Otras características físicas ill (col)
Dimensiones 21 cm
650 ## - PUNTO DE ACCESO ADICIONAL DE MATERIA--TÉRMINO DE MATERIA
Subdivisión general catalogo
-- exhibicion
-- tejidos kunas
9 (RLIN) 926
Holdings
Estatus retirado Estado de pérdida Fuente del sistema de clasificación o colocación Estado de daño No para préstamo Biblioteca de origen Biblioteca actual Ubicación en estantería Fecha de adquisición Total de préstamos Signatura topográfica completa Código de barras Visto por última vez Precio de reemplazo Tipo de ítem Koha
    Clasificación Decimal Dewey     Biblioteca LadoV Biblioteca LadoV   06/06/2014   708 C115i 000193 06/06/2014 06/06/2014 Material 01